000 00601nam a2200169 a 4500
008 120416s1974 ||||||||||||||||| || u
050 _aHF 5635 Gor
100 _aGordon, Myron J
245 1 0 _aAccounting: a management approach. (5th ed.)
250 _a5th ed.
260 _aHomewood, Ill.:
_bR.D. Irwin
_c1974
300 _axxiii, 831p.
350 _a0.00
650 0 _aACCOUNTING--HANDBOOKS, MANUALS, ETC
650 0 _aMANAGERIAL ACCOUNTING
995 _D0.00
_FCBU-MAIN LIBRARY (Kitwe)
_H1
_I0.00
_UAVAILABLE
_ZAnnex Low-Usage Collection
999 _c33293
_d33293